|
|
|
|
| LEADER |
01153nam a2200301 a 4500 |
| 001 |
7409 |
| 003 |
BD-DhAAL |
| 005 |
20150701102631.0 |
| 008 |
150209s2000 mau b 000 0 eng d |
| 010 |
|
|
|a 2001271011
|
| 020 |
|
|
|a 007239093X
|
| 040 |
|
|
|a MJC
|c MJC
|d MOU
|d DLC
|d BD-DhAAL
|
| 050 |
0 |
0 |
|a LB1029.P67
|b R54 2000
|
| 082 |
|
|
|a 808/.0420785
|
| 999 |
|
|
|c 34907
|d 34907
|
| 999 |
|
|
|c 0
|
| 999 |
|
|
|c 33631
|
| 100 |
1 |
|
|a Rieman, Patricia L.
|9 8150
|
| 245 |
1 |
0 |
|a Teaching portfolios :
|b presenting your professional best /
|c Patricia L. Rieman.
|
| 260 |
|
|
|a Boston :
|b McGraw Hill,
|c c2000.
|
| 300 |
|
|
|a vi, 89 p. ;
|c 28 cm.
|
| 504 |
|
|
|a Includes bibliographical references.
|
| 541 |
|
|
|e 7409
|
| 650 |
|
0 |
|a Portfolios in education.
|9 8151
|
| 650 |
|
0 |
|a Teachers
|x Rating of.
|9 6220
|
| 942 |
|
|
|2 ddc
|c BK
|
| 952 |
|
|
|0 0
|1 0
|2 ddc
|4 0
|6 808_042078500000000_RIE
|7 0
|9 54645
|a SCL
|b SCL
|c GEN
|d 2015-07-01
|e Gift: The Asia Foundation
|l 0
|o 808.0420785 RIE
|p 3020007409
|r 2015-07-01
|t 1
|w 2015-07-01
|y BK
|
| 952 |
|
|
|0 0
|1 0
|2 ddc
|4 0
|6 808_042078500000000_RIE
|7 0
|9 54646
|a SCL
|b SCL
|c GEN
|d 2015-07-01
|e Gift: The Asia Foundation
|l 0
|o 808.0420785 RIE
|p 3020007414
|r 2015-07-01
|t 2
|w 2015-07-01
|y BK
|